El Parlament de Catalunya / Jaume Sobrequés i Callicó, Francesc Vicens, Ismael E. Pitarch ; prefaci del Molt Honorable Sr. Heribert Barrera ... ; fotografia, Francesc Català Roca
Descripción Física:
118 p. : il., negre i col. ; 30 cm
Otros Autores:
Vicens, Francesc
,
Pitarch, Ismael E. (Ismael Elies), 1948-
,
Barrera, Heribert, 1917-2011
,
Català-Roca, Francesc, 1922-1998
Materias:
Catalunya. Parlament -- Història
MARC
| LEADER | 00000nam a2200000Ia 4500 | ||
|---|---|---|---|
| 001 | 1339 | ||
| 008 | 160829s1981 xx 000 0 cat d | ||
| 080 | |a M-1-41 | ||
| 100 | |a Sobrequés i Callicó, Jaume |9 25445 | ||
| 245 | |a El Parlament de Catalunya / Jaume Sobrequés i Callicó, Francesc Vicens, Ismael E. Pitarch ; prefaci del Molt Honorable Sr. Heribert Barrera ... ; fotografia, Francesc Català Roca | ||
| 260 | |a Barcelona : |b Publicacions del Parlament de Catalunya, |c 1981 | ||
| 300 | |a 118 p. : |b il., negre i col. ; |c 30 cm | ||
| 650 | |a Catalunya. Parlament |x Història |9 36278 | ||
| 700 | |a Vicens, Francesc |9 34693 |e autor | ||
| 700 | |a Pitarch, Ismael E. |q (Ismael Elies), |d 1948- |9 36276 |4 autor | ||
| 700 | 1 | |a Barrera, Heribert, |d 1917-2011 |9 26997 |e autor del pròleg | |
| 700 | 1 | |a Català-Roca, Francesc, |d 1922-1998 |9 26722 |e fotografies | |
| 901 | |a Arxiu | ||
| 942 | |n 1 |2 udc | ||
| 952 | |0 0 |1 0 |4 0 |6 M141 |7 1 |9 46611 |a Arxiu |b Arxiu |d 2016-12-01 |l 0 |o M-1-41 |p 1339 |r 2016-12-01 00:00:00 |w 2016-12-01 |y ARXIU | ||
| 999 | |c 50404 |d 50404 | ||